| 000 | 00553cam a2200169 4500 | ||
|---|---|---|---|
| 001 | J111810 | ||
| 008 | 000000n 000 0 eng u | ||
| 035 | _a(Sirsi) u111810 | ||
| 110 |
_aAccounting Standards Board _93454 |
||
| 245 | _aAccounting Standards Board papers. | ||
| 260 |
_aMilton Keynes _bAccountancy Books |
||
| 300 | _amultiple parts | ||
| 520 | _aEach paper catalogued separately. | ||
| 650 | _aMANAGEMENT-BUSINESS MANAGEMENT-FINANCIAL MANAGEMENT-ACCOUNTING | ||
| 690 | _aMANAGEMENT-BUSINESS MANAGEMENT-FINANCIAL MANAGEMENT | ||
| 942 | _n0 | ||
| 999 |
_c101289 _d101289 |
||